[Event "CRO-chT3 West"]
[Site "Croatia"]
[Date "2020.10.25"]
[Round "9.5"]
[White "Bajunovic, Jovo"]
[Black "Sundac, Ivano"]
[Result "0-1"]
[WhiteElo "1643"]
[BlackElo "1580"]
[PlyCount "54"]
[EventDate "2020.09.12"]
[EventType "team-tourn"]
[EventRounds "9"]
[EventCountry "CRO"]
[SourceTitle "EXT 2022"]
[Source "ChessBase"]
[SourceDate "2021.10.06"]
[SourceVersion "1"]
[SourceVersionDate "2021.10.06"]
[SourceQuality "1"]
[WhiteTeam "Novi V Zrinski Frankopan"]
[BlackTeam "Crikvenica"]
[WhiteTeamCountry "CRO"]
[BlackTeamCountry "CRO"]

1. d4 e5 2. dxe5 Nc6 3. Bf4 Qe7 4. Nf3 Qb4+ 5. Bd2 Qxb2 6. Bc3 Bb4 7. Bxb4 Nxb4 8. Nd4 Qxa1 9. a3 Qxd4 10. axb4 Qxd1+ 11. Kxd1 Ne7 12. f4 a5 13. bxa5 Rxa5 14. Kd2 d6 15. exd6 cxd6 16. e3 0-0 17. Bc4 Be6 18. Bd3 Rc8 19. Nc3 Nd5 20. Ne4 Nb4 21. Nxd6 Rc7 22. Rb1 Nxd3 23. cxd3 Ra2+ 24. Ke1 Rcc2 25. Ne4 Bd5 26. Ng5 Rxg2 27. Kf1 Rxh2 0-1

[Event "CRO-chT3 West"]
[Site "Croatia"]
[Date "2020.10.25"]
[Round "8.5"]
[White "Radmanovic, Lazar"]
[Black "Bajunovic, Jovo"]
[Result "1-0"]
[WhiteElo "1809"]
[BlackElo "1643"]
[PlyCount "113"]
[EventDate "2020.09.12"]
[EventType "team-tourn"]
[EventRounds "9"]
[EventCountry "CRO"]
[SourceTitle "EXT 2022"]
[Source "ChessBase"]
[SourceDate "2021.10.06"]
[SourceVersion "1"]
[SourceVersionDate "2021.10.06"]
[SourceQuality "1"]
[WhiteTeam "Kastav"]
[BlackTeam "Novi V Zrinski Frankopan"]
[WhiteTeamCountry "CRO"]
[BlackTeamCountry "CRO"]

1. e4 d6 2. d4 g6 3. Nf3 Bg7 4. Bc4 Nf6 5. Nc3 Nbd7 6. a3 0-0 7. 0-0 Nb6 8. Be2 Bg4 9. h3 Bxf3 10. Bxf3 e5 11. dxe5 dxe5 12. Qe2 c6 13. Be3 Qc7 14. Rfd1 Rad8 15. g4 Rxd1+ 16. Rxd1 Rd8 17. g5 Ne8 18. Rd3 Nd6 19. b3 a6 20. Qd1 Nbc8 21. Bg4 Bf8 22. Na4 Re8 23. Bc5 Nxe4 24. Rd7 Qb8 25. Bxf8 Rxf8 26. h4 Qa7 27. Qe2 Nc5 28. Rc7 Nxa4 29. bxa4 Nb6 30. Qxe5 Nd5 31. Rd7 Qc5 32. Rxb7 Qxc2 33. Be6 Qc1+ 34. Kh2 Qf4+ 35. Qxf4 Nxf4 36. Bc4 Ne6 37. Rb6 Nc5 38. Rxc6 Nxa4 39. Rxa6 Nb2 40. Bd5 Rd8 41. Ra8 Rxa8 42. Bxa8 Nc4 43. a4 Kg7 44. Kg3 Nb6 45. Bc6 f6 46. a5 Nc8 47. a6 fxg5 48. hxg5 h6 49. gxh6+ Kxh6 50. Kf4 g5+ 51. Ke5 Kg6 52. Ke6 Nb6 53. a7 g4 54. a8Q Nxa8 55. Bxa8 Kg5 56. Ke5 g3 57. f4+ 1-0

[Event "CRO-chT3 West"]
[Site "Croatia"]
[Date "2020.09.13"]
[Round "2.5"]
[White "Mecev, Mile"]
[Black "Bajunovic, Jovo"]
[Result "0-1"]
[WhiteElo "1676"]
[BlackElo "1643"]
[PlyCount "84"]
[EventDate "2020.09.12"]
[EventType "team-tourn"]
[EventRounds "9"]
[EventCountry "CRO"]
[SourceTitle "EXT 2022"]
[Source "ChessBase"]
[SourceDate "2021.10.06"]
[SourceVersion "1"]
[SourceVersionDate "2021.10.06"]
[SourceQuality "1"]
[WhiteTeam "Korenica"]
[BlackTeam "Novi V Zrinski Frankopan"]
[WhiteTeamCountry "CRO"]
[BlackTeamCountry "CRO"]

1. e4 e5 2. Nf3 d6 3. Nc3 Bg4 4. Bc4 c6 5. d3 Be7 6. Be3 Nf6 7. Qd2 Bxf3 8. gxf3 d5 9. exd5 cxd5 10. Nxd5 Nxd5 11. Rg1 0-0 12. 0-0-0 Nxe3 13. fxe3 Bf6 14. Qb4 b6 15. Rg4 Nc6 16. Qe1 Ne7 17. d4 exd4 18. exd4 Nf5 19. Bd3 Nh6 20. Qe4 g6 21. Rg2 Bg5+ 22. f4 Bf6 23. Bc4 Qc7 24. Bb3 Kg7 25. f5 Rae8 26. Qd3 Qf4+ 27. Kb1 Re3 28. Qd2 Nxf5 29. c3 Rf3 30. Qe2 Ne3 31. Rg3 Qe4+ 32. Bc2 Qxc2+ 33. Qxc2 Nxc2 34. Kxc2 Rf2+ 35. Rd2 Rxd2+ 36. Kxd2 h6 37. Kd3 b5 38. c4 bxc4+ 39. Kxc4 Rd8 40. d5 Be5 41. Rg2 f5 42. Re2 Kf6 0-1